[Event "9th LCC FIDE Open 2017"]
[Site "London"]
[Date "2017.12.03"]
[Round "3"]
[White "Moussard, Jules"]
[Black "Sundararajan, Kidambi"]
[Result "1/2-1/2"]
[WhiteElo "2576"]
[BlackElo "2419"]
[Annotator "TA"]
[PlyCount "122"]
[EventDate "2017.??.??"]
[EventCountry "ENG"]
[SourceTitle "playchess.com"]
[Source "ChessBase"]
[SourceQuality "1"]

{[%evp 12,122,16,10,12,15,31,24,45,50,39,45,44,0,11,0,3,0,0,0,0,0,13,2,0,6,12,0,0,0,0,0,0,0,-8,-4,0,0,0,0,4,-38,-25,-31,-4,-36,-50,-60,-28,-35,0,0,0,-29,0,-35,8,8,9,0,0,0,0,0,0,0,5,0,5,5,5,7,11,11,11,11,11,8,5,6,6,5,8,8,8,8,8,8,8,8,8,8,8,8,14,14,14,14,16,14,14,14,14,8,14,14,14,14,21,13,13,0,0]} 1. Nf3 d5 2. g3 g6 3. Bg2 Bg7 4. O-O Nf6 5. d4 O-O 6. c3 c6 7. a4 {LiveBook: 7 Games. D02: 1 d4 d5 2 Nf3 sidelines, including 2...Nf6 3 g3 and 2...Nf6 3 Bf4} (7. Nbd2 Bf5 8. Nh4 Bg4 9. Qe1 Nbd7 10. h3 Be6 11. f4 c5 12. g4 Nb6 13. f5 Bd7 14. Ndf3 cxd4 15. cxd4 Ne4 16. Ne5 {½-½ (36) Artemiev,V (2696)-Mamedyarov,S (2791) Sochi 2017}) 7... Ne4 8. Nbd2 Nxd2 $146 ({Predecessor:} 8... c5 9. Nxe4 dxe4 10. Ne5 cxd4 11. cxd4 Qd5 12. f3 Bxe5 13. dxe5 Qxe5 14. f4 {0-1 (52) Blom,V (2228)-Braun,C (2369) Belgium 2017}) 9. Nxd2 {White is slightly better.} Nd7 10. e4 e5 11. exd5 cxd5 12. a5 exd4 13. cxd4 Nb8 14. Nb3 Nc6 15. Be3 Bf5 16. Qd2 Rc8 17. Bg5 Qd6 18. Bf4 Qd8 19. Rfe1 b6 20. Bg5 Bf6 21. Bxf6 Qxf6 22. axb6 axb6 23. h4 Rfd8 24. Ra6 Nb8 25. Ra8 Be4 26. f3 Bf5 {[%cal Be4f5,Bf5d7,Bd7b5][%mdl 32]} ({Avoid the trap} 26... Bxf3 $2 27. Qf2 $18) 27. Qf4 Kg7 28. Re3 Nc6 29. Rxc8 Rxc8 30. Rc3 Bd7 (30... Re8 {with more complications.} 31. Bf1 Re1 32. h5 Rb1 33. h6+ Kf8) 31. Qxf6+ Kxf6 32. Kf2 Ne7 33. Nc1 Rxc3 34. bxc3 $15 {[%mdl 4096] Endgame KBN-KBN. The position is equal.} Bb5 35. Nb3 h6 36. Nd2 g5 37. hxg5+ hxg5 38. Bh3 Bd3 39. Ke3 Bf5 40. g4 Be6 41. f4 gxf4+ 42. Kxf4 Ng6+ 43. Kg3 Ne7 44. Nf3 Nc8 45. Bf1 Nd6 46. Bd3 Bd7 47. Kf4 Bb5 48. Bc2 Bc4 49. Ne5 Nb5 50. Nd7+ Ke7 51. Nxb6 Nxc3 52. g5 Ne2+ 53. Ke5 {Bd1 is the strong threat.} Ng1 54. Nc8+ Kf8 $1 55. Kf6 {[#] And now Nd6 would win.} Nf3 56. Nd6 Nxd4 57. Bh7 Nf3 58. Nxf7 {aiming for g6.} Nxg5 59. Nxg5 d4 60. Ke5 d3 61. Bxd3 Bxd3 {Precision: White = 70%, Black = 58%.} 1/2-1/2

[Event "9th LCC FIDE Open 2017"]
[Site "London"]
[Date "2017.12.03"]
[Round "3"]
[White "Kotronias, Vasilios"]
[Black "Sai Agni Jeevitesh, J."]
[Result "1/2-1/2"]
[WhiteElo "2524"]
[BlackElo "2384"]
[Annotator "TA"]
[PlyCount "65"]
[EventDate "2017.??.??"]
[EventCountry "ENG"]
[SourceTitle "playchess.com"]
[Source "ChessBase"]
[SourceQuality "1"]

{[%evp 18,65,74,35,61,57,49,14,20,10,10,0,0,0,1,-17,-10,-8,-23,-22,-19,-21,-28,-38,-38,-50,-37,-37,-26,-123,-136,-128,-124,-147,-120,-129,-123,-121,-116,-82,-90,-107,0,0,42,53,85,-18,-48,-131]} 1. e4 d6 2. d4 Nf6 3. Nc3 Nbd7 4. f4 e5 5. Nf3 exd4 6. Qxd4 c6 7. Be3 d5 8. exd5 Bc5 {B07: Pirc Defence: Miscellaneous Systems} 9. Qd3 O-O 10. O-O-O {LiveBook: 4 Games} cxd5 {White is slightly better.} 11. Bd4 $146 ({Predecessor:} 11. Bxc5 Nxc5 12. Qd4 Qa5 13. Kb1 Nce4 14. Nxe4 dxe4 15. Ne5 Bg4 16. b4 {0-1 (35) Ramiro Ovejero,J (2362)-Strikovic,A (2509) Zaragoza 2012}) 11... Qa5 12. g3 Bxd4 13. Nxd4 Nc5 14. Qb5 Qc7 15. Bg2 a6 16. Qe2 Bg4 17. Bf3 $1 {[%cal Rf3g4]} Rfe8 18. Qg2 Bxf3 19. Qxf3 Nce4 20. Rd3 Rac8 21. Rhd1 b5 {[%cal Bb7b5,Bb5b4][%mdl 32]} 22. Re3 $1 Red8 23. Kb1 {[#]} (23. a3 $1 $11) 23... b4 $1 $36 {[%cal Rb4c3][%mdl 2048] Black is in control.} 24. Nce2 Nd6 25. g4 Nfe4 26. Ng3 Nb5 27. Re2 {[#]} Nec3+ $1 {[%mdl 512]} 28. bxc3 Nxc3+ 29. Kc1 Nxd1 (29... Nxa2+ $17 30. Kb2 Nc3) 30. Kxd1 $11 Qa5 31. Qe3 {And now Ngf5 would win.} g6 {[#]} 32. f5 ({White should play} 32. Nh5 $1 $16 {Qe5 would kill now.} Qxa2 33. Nf6+ Kh8 34. Ke1 Qa1+ 35. Kf2) 32... Qxa2 {Hoping for ...Qa1+.} 33. f6 {Precision: White = 51%, Black = 63%.} (33. Ke1 $1 $15) 1/2-1/2

[Event "9th LCC FIDE Open 2017"]
[Site "London"]
[Date "2017.12.03"]
[Round "3"]
[White "Vakhidov, Jakhongir"]
[Black "Gourlay, Iain"]
[Result "1-0"]
[WhiteElo "2500"]
[BlackElo "2378"]
[Annotator "TA"]
[PlyCount "53"]
[EventDate "2017.??.??"]
[EventCountry "ENG"]
[SourceTitle "playchess.com"]
[Source "ChessBase"]
[SourceQuality "1"]

{[%evp 18,53,51,47,91,99,100,90,100,96,118,127,127,120,116,113,127,113,176,167,162,157,189,196,264,208,222,225,508,466,464,436,1654,1504,1448,1384,5308,5002]} 1. c4 e6 2. Nc3 d5 3. d4 Nf6 4. cxd5 exd5 5. Bg5 c6 6. e3 Be7 7. Bd3 Nbd7 8. Nge2 {[%cal Bg1e2,Be2g3,Bg3e4][%mdl 32]} h6 9. Bh4 {D35: Queen's Gambit Declined: Exchange Variation} Ne4 (9... Nh5 10. Bxe7 Qxe7 11. Qd2 Nb6 12. f3 Bd7 13. O-O O-O 14. g4 Nf6 15. Ng3 Ne8 16. Rae1 {1-0 (43) Mamedyarov,S (2766)-Adams,M (2751) Sharjah 2017}) 10. Bxe7 {LiveBook: 3 Games} Qxe7 11. Bxe4 $1 {White is better.} dxe4 {[#]} 12. Ng3 $1 Nf6 13. Qc2 Kf8 $146 ({Predecessor:} 13... O-O 14. Ngxe4 {½-½ (26) Borodkin,Y-Piven,V (1851) Krasnodar 2010}) 14. O-O ({But not} 14. Ncxe4 $6 Nxe4 15. Nxe4 Bf5 $11) ({Much worse is} 14. Ngxe4 $6 Bf5 $14) 14... h5 15. Ngxe4 Bf5 {[%cal Rf6e4]} 16. f3 Re8 {[%cal Rf5e4]} 17. Qf2 Rh6 (17... Nxe4 $16 {keeps fighting.} 18. fxe4 Bg6) 18. Nxf6 $18 Rxf6 19. e4 Bh7 20. d5 {[%cal Bd4d5,Bd5c6,Bc6c7][%mdl 32]} Qb4 (20... b6 $142 21. Rfd1 Bg6) 21. Rad1 Qa5 22. dxc6 Bxe4 $2 (22... Rxc6 23. Rd5 Qb6 24. Rxh5 Qxf2+ 25. Kxf2 Bg6) 23. b4 {White is clearly winning.} Qxb4 24. Nxe4 Rxe4 (24... Rxc6 $142 25. Rb1 Qa5 26. Rxb7 Rc7) 25. c7 {[#] Threatening mate with Rd8+.} Re8 26. Rd8 {Intending Rxe8+ and mate.} Rc6 27. Re1 {Precision: White = 97%, Black = 25%.} 1-0

[Event "9th LCC FIDE Open 2017"]
[Site "London"]
[Date "2017.12.03"]
[Round "3"]
[White "Fodor, Tamas Jr"]
[Black "Beinoras, Mindaugas"]
[Result "1-0"]
[WhiteElo "2496"]
[BlackElo "2353"]
[Annotator "TA"]
[PlyCount "59"]
[EventDate "2017.??.??"]
[EventCountry "ENG"]
[SourceTitle "playchess.com"]
[Source "ChessBase"]
[SourceQuality "1"]

{[%evp 9,59,9,24,4,56,43,45,30,29,12,83,69,97,74,71,50,47,44,155,148,159,149,176,89,125,130,260,248,258,253,322,325,329,312,320,312,372,366,369,363,345,372,418,415,424,412,413,392,468,468,452,443]} 1. c4 e5 2. g3 Nf6 3. Bg2 d5 4. cxd5 Nxd5 5. Nc3 Ne7 {LiveBook: 90 Games} 6. e3 {A22: English Opening: 1...e5 2 Nc3 Nf6} (6. Nf3 Nbc6 7. b4 a6 8. Bb2 Nf5 9. O-O Nfd4 10. Nxd4 exd4 11. Nd5 Be6 12. Nf4 Bd7 13. Nd3 Bd6 14. Rc1 O-O 15. a3 Re8 16. Re1 {½-½ (32) Erdos,V (2624)-Istratescu,A (2636) Achaea 2012}) 6... c5 $146 (6... g6 $11) ({Predecessor:} 6... Nbc6 7. Nge2 g6 8. a3 Bg7 9. d3 O-O 10. O-O Bf5 11. Ne4 Qc8 12. Re1 h6 13. Qc2 g5 {½-½ (40) Leon Sandoval,J (1703)-Elansary,E (1949) Baku 2016}) 7. Nge2 $14 g6 8. Qb3 {White is slightly better.} Nbc6 9. Ne4 {[%cal Re4f6] [#]} Nf5 (9... Bg7 $11) 10. O-O $16 Be7 11. Qc3 O-O 12. Nxc5 Qb6 13. Nd3 $36 {[%mdl 2048] White is more active.} Bd7 (13... f6 $14) 14. Nxe5 Nxe5 15. Qxe5 Bc6 {[#]} 16. e4 ({White should play} 16. Bxc6 $1 $18 Qxc6 17. Nc3) 16... Bd6 17. Qc3 Bb5 (17... Rfe8 $16 {might work better.}) 18. d3 $18 {[%cal Bd2d3,Bd3d4,Bd4d5,Bd5d6][%mdl 32]} ({Not} 18. exf5 Bxe2 19. Re1 Rae8 $14) 18... Rac8 19. Qb3 Ne7 20. Nc3 Ba6 21. Qxb6 axb6 22. Rd1 Bb4 23. d4 Bxc3 24. bxc3 Rxc3 25. d5 f6 26. Bb2 Rc2 27. Ba3 Kf7 28. Bh3 f5 29. exf5 gxf5 30. d6 {Precision: White = 63%, Black = 28%.} 1-0

[Event "9th LCC FIDE Open 2017"]
[Site "London"]
[Date "2017.12.03"]
[Round "3"]
[White "Gormally, Daniel W"]
[Black "Globus, Or"]
[Result "1/2-1/2"]
[WhiteElo "2477"]
[BlackElo "2253"]
[Annotator "TA"]
[PlyCount "39"]
[EventDate "2017.??.??"]
[EventCountry "ENG"]
[SourceTitle "playchess.com"]
[Source "ChessBase"]
[SourceQuality "1"]

{[%evp 19,39,54,58,31,35,32,30,18,45,5,36,19,16,6,0,11,11,7,8,0,39,-11]} 1. d4 Nf6 2. Nf3 g6 3. c4 Bg7 4. Nc3 d5 5. cxd5 Nxd5 6. e4 Nxc3 7. bxc3 c5 8. Rb1 Nc6 9. d5 Ne5 {D85: Exchange Grünfeld: Unusual White 7th moves and lines with 7 Nf3} 10. Bb5+ Bd7 {LiveBook: 4 Games} 11. Bxd7+ Qxd7 12. Nxe5 Bxe5 13. O-O O-O 14. Be3 $146 ({Predecessor:} 14. c4 Bd4 15. Bb2 e5 16. Bxd4 cxd4 17. f4 Qc7 18. fxe5 Qxe5 19. Rxb7 Qxe4 20. Re1 Qh4 {0-1 (50) Mikrut,D (2363)-Pacher,M (2431) Slovakia 2014}) 14... b6 15. c4 e6 16. Qd3 f5 17. exf5 Rxf5 18. g4 Rff8 19. Qe4 Bc7 20. Rbd1 1/2-1/2

[Event "9th LCC FIDE Open 2017"]
[Site "London"]
[Date "2017.12.03"]
[Round "3"]
[White "Zhou, Yang-Fan"]
[Black "Motylev, Alexander"]
[Result "1/2-1/2"]
[WhiteElo "2459"]
[BlackElo "2675"]
[Annotator "TA"]
[PlyCount "27"]
[EventDate "2017.??.??"]
[EventCountry "ENG"]
[SourceTitle "playchess.com"]
[Source "ChessBase"]
[SourceQuality "1"]

{[%evp 17,19,10,35,30]} 1. e4 c5 2. Nf3 d6 3. d4 cxd4 4. Qxd4 a6 5. h3 Nc6 6. Qe3 {B53: Sizilianisch (Ungarische Variante)} g6 7. c4 Bg7 8. Be2 Nf6 9. O-O O-O {LiveBook: 126 Partien} 10. Nc3 {Vorgänger:} Be6 $146 11. Bd2 Nd7 12. Rfd1 Nde5 13. b3 Nxf3+ 14. Bxf3 {½-½ (61) Ponomariov,R (2709)-Kasimdzhanov,R (2691) Tashkent 2016} 1/2-1/2

[Event "9th LCC FIDE Open 2017"]
[Site "London"]
[Date "2017.12.03"]
[Round "3"]
[White "Williams, Simon K"]
[Black "Jones, Gawain C B"]
[Result "1/2-1/2"]
[WhiteElo "2453"]
[BlackElo "2654"]
[Annotator "TA"]
[PlyCount "87"]
[EventDate "2017.??.??"]
[EventCountry "ENG"]
[SourceTitle "playchess.com"]
[Source "ChessBase"]
[SourceQuality "1"]

{[%evp 18,87,-19,-18,31,-23,37,0,38,13,40,-8,-8,-15,-11,-29,-32,-40,-11,-28,-26,-29,-29,-33,-34,-20,-11,-89,-43,-53,-58,-62,-51,-91,-88,-95,-83,-119,-34,-103,-77,-113,-104,-108,-97,-91,-64,-75,0,0,0,-66,0,0,0,0,0,0,0,0,0,0,0,0,0,0,0,0,0,0,0,0]} 1. d4 Nf6 2. c4 g6 3. Nc3 Bg7 4. e4 O-O 5. Be2 d6 6. Be3 c5 7. e5 {E73: King's Indian: Averbakh Variation without 6...c5} (7. dxc5 Qa5 8. Bd2 dxc5 9. e5 Ne8 10. f4 f6 11. Nd5 Qd8 12. Be3 Na6 13. Nf3 Bg4 14. Qb3 e6 15. Nc3 fxe5 16. fxe5 Bxf3 17. Bxf3 Bxe5 18. Qxb7 {½-½ (33) Iturrizaga Bonelli,E (2671)-Jones,G (2671) Dubai 2017}) 7... Ne8 8. dxc5 Bxe5 9. Nf3 Bxc3+ 10. bxc3 {LiveBook: 4 Games} Nc6 $146 ({Predecessor:} 10... Qa5 11. Bh6 Ng7 12. cxd6 Rd8 13. Bxg7 Kxg7 14. Qd4+ f6 {1-0 (47) Lima,D (2522)-Della Morte,G (2421) Buenos Aires 2015}) 11. Nd4 (11. O-O $14) 11... Bd7 (11... Nxd4 $11 12. Qxd4 (12. cxd4 dxc5 13. dxc5 Qc7 $11) 12... Ng7) 12. Nb3 dxc5 13. Nxc5 Nf6 14. O-O (14. Nxb7 {feels hotter.} Qc7 15. Nc5 Rfd8 16. O-O Na5 17. Qe1) 14... Qc7 15. Nxd7 (15. Qd2 {looks sharper.} Rad8 16. Bf4 Qc8 17. Qe3 b6 18. Nb3) 15... Nxd7 16. f4 e6 17. Qe1 Na5 18. Rd1 Rad8 19. Qh4 ({Don't blunder} 19. Bxa7 $2 b6 $19) 19... Nxc4 20. Bd4 Nd6 21. Bd3 ({Much worse is} 21. Qh6 Nf5 $17) 21... f6 22. Rf3 (22. Rfe1 $11) 22... Rf7 (22... Nf5 {with more complications.} 23. Qe1 Kf7 24. Bc2 Nxd4 25. Rxd4 Nc5) 23. Re1 Nf5 $1 {[%cal Rf5h4]} 24. Bxf5 exf5 25. Rfe3 Rdf8 26. Re6 Qc4 27. h3 Ne5 (27... Qxa2 $17 28. R1e2 Qd5) 28. Rd6 {[#]} (28. Rxf6 $1 $15 Rxf6 29. Rxe5) 28... Nc6 $1 $17 29. Qf2 Nxd4 30. cxd4 Qb4 31. Ree6 Rc7 32. Kh2 Qb1 (32... Kg7 $17) 33. Qe3 $11 Rcf7 34. a3 (34. Re8 $11) 34... Qf1 ({Black should try} 34... Qc2 $15) 35. d5 {The position is equal.} Kg7 36. Qd4 h5 37. a4 h4 38. a5 Kh6 (38... Qc1 {is interesting.} 39. a6 Qa3 40. Rxf6 Rxf6 41. Rxf6 Rxf6 42. axb7 Qd6) 39. Rxf6 Rxf6 40. Rxf6 Rxf6 41. Qxf6 {[%cal Rf6h8] [#]} Qxf4+ 42. Kh1 Qf1+ 43. Kh2 Qf4+ 44. Kh1 {Precision: White = 48%, Black = 57%.} 1/2-1/2

[Event "9th LCC FIDE Open 2017"]
[Site "London"]
[Date "2017.12.03"]
[Round "3"]
[White "Das, Sayantan"]
[Black "Maze, Sebastien"]
[Result "1/2-1/2"]
[WhiteElo "2442"]
[BlackElo "2614"]
[Annotator "TA"]
[PlyCount "27"]
[EventDate "2017.??.??"]
[EventCountry "ENG"]
[SourceTitle "playchess.com"]
[Source "ChessBase"]
[SourceQuality "1"]

{[%evp 20,27,19,-6,25,-6,27,-7,14,-48]} 1. e4 e5 2. Nf3 Nc6 3. Bb5 a6 4. Ba4 d6 5. d4 Bd7 6. c3 g6 7. O-O Bg7 8. Re1 Nf6 9. Bg5 {C79: Ruy Lopez: Steinitz-type lines with 3...a6 4 Ba4 Nf6 5 0-0 d6} (9. Bxc6 Bxc6 10. dxe5 Nxe4 11. exd6 O-O 12. dxc7 Qxc7 13. Be3 Rfe8 14. Nbd2 Nxd2 15. Nxd2 Rad8 16. Qc2 Qd7 {1-0 (38) Vachier Lagrave,M (2788)-Caruana,F (2795) chess.com INT 2016}) 9... h6 10. Bh4 O-O 11. Nbd2 {LiveBook: 6 Games} Re8 12. a3 Qc8 $146 ({Predecessor:} 12... Bg4 13. d5 b5 14. Bc2 Ne7 15. b4 g5 {1-0 (34) Pigeat,A (1716)-Mignot,E (1430) Aix les Bains 2009}) 13. Bb3 Nh5 {[%cal Re5d4]} 14. Nf1 (14. dxe5 $11 Bxe5 15. Nc4 (15. Nxe5 Nxe5 16. Nc4 Be6 $11)) 1/2-1/2

[Event "9th LCC FIDE Open 2017"]
[Site "London"]
[Date "2017.12.03"]
[Round "3"]
[White "Cherniaev, Alexander"]
[Black "Hawkins, Jonathan"]
[Result "0-1"]
[WhiteElo "2436"]
[BlackElo "2579"]
[Annotator "TA"]
[PlyCount "60"]
[EventDate "2017.??.??"]
[EventCountry "ENG"]
[SourceTitle "playchess.com"]
[Source "ChessBase"]
[SourceQuality "1"]

{[%evp 9,60,7,22,-32,-15,-41,-38,-52,-49,-89,-81,-102,-103,-83,-60,-78,-91,-78,-67,-127,-129,-112,-127,-163,-157,-207,-178,-227,-202,-272,-224,-215,-202,-165,-27,-12,156,175,180,-615,-604,-709,-711,-709,-668,-879,-878,-864,-835,-1010,-998,-1057,-1036]} 1. e4 c6 {[%cal Bc7c6,Bc6c5][%mdl 32]} 2. d4 d5 3. e5 c5 4. Ne2 Nc6 5. c3 Nh6 {LiveBook: 6 Games} (5... Bg4 6. h3 Bxe2 7. Bxe2 e6 8. O-O Qb6 9. dxc5 Bxc5 10. b4 Be7 11. Be3 Qc7 12. f4 Nh6 13. Na3 {½-½ (44) Vachier Lagrave,M (2796)-Anand,V (2786) Stavanger 2017}) (5... Bg4 6. h3 Bxe2 7. Bxe2 cxd4 8. cxd4 Qb6 9. Be3 Qxb2 10. Nd2 Rb8 11. Rb1 Qc3 12. Rb3 Qa5 13. Qb1 {½-½ (53) Cherniaev,A (2441)-Hawkins,J (2563) London 2015}) 6. a3 $146 {B12: Caro-Kann: Advance Variation} (6. Bxh6 $11 gxh6 7. Nf4) ({Predecessor:} 6. Bxh6 gxh6 7. a3 cxd4 8. cxd4 Bf5 9. Nbc3 e6 10. Ng3 Bg6 11. Bb5 Rc8 12. O-O a6 13. Bxc6+ Rxc6 {½-½ (82) Girya,O (2443)-Schepetkova,M (2252) Khanty-Mansiysk 2013}) 6... cxd4 7. cxd4 Nf5 8. Nbc3 {Black is slightly better.} e6 9. g3 Qb6 {[%cal Rf5d4]} 10. Be3 Qxb2 {Threatens to win with ...Nfxd4!} 11. Bg2 Qb6 ({Not} 11... Bxa3 $2 12. Rb1 $18) (11... Be7 {is more complex.} 12. O-O Qb6 13. Rb1 Qc7 14. Bc1 O-O) 12. O-O Be7 13. Rb1 Qd8 14. Bh3 (14. Bc1 $15) 14... Nxe3 $17 ({Inferior is} 14... Bxa3 15. Bxf5 exf5 16. Nf4 $11) 15. fxe3 Bxa3 16. e4 dxe4 17. Nxe4 Be7 18. Rb3 O-O 19. Rbf3 b6 20. Nf6+ gxf6 21. exf6 {[#]} Nxd4 $1 22. Nxd4 $11 (22. Qxd4 Bc5) 22... Bc5 $2 {[#]} (22... Qxd4+ $11 23. Qxd4 Bc5 24. Qxc5 bxc5) 23. Rf4 $1 $40 {[%mdl 128] Black is in trouble.} e5 24. Bxc8 $4 {[%mdl 8192]} (24. Qh5 $18 Kh8 25. Rh4 Qxd4+ 26. Rxd4 Bxd4+ 27. Kh1 Bxh3 28. Qxh3) 24... Bxd4+ $19 {Black is clearly winning.} (24... Qxc8 $2 25. Qh5 $19) 25. Kg2 {White threatens Qg4+ and mate.} Qd5+ 26. Kh3 Rfxc8 27. Qh5 {Qh6! would kill now.} Qe6+ 28. Rg4+ Kf8 29. Rf5 Ke8 30. Rg7 e4 {Precision: White = 21%, Black = 67%.} 0-1

[Event "9th LCC FIDE Open 2017"]
[Site "London"]
[Date "2017.12.03"]
[Round "3"]
[White "Raja, Harshit"]
[Black "Donchenko, Alexander"]
[Result "1/2-1/2"]
[WhiteElo "2420"]
[BlackElo "2569"]
[Annotator "TA"]
[PlyCount "52"]
[EventDate "2017.??.??"]
[EventCountry "ENG"]
[SourceTitle "playchess.com"]
[Source "ChessBase"]
[SourceQuality "1"]

{[%evp 19,52,-38,-19,-31,-24,-100,-113,-92,0,-3,-7,-50,-41,-77,-59,-49,-14,-25,62,16,125,108,118,109,111,112,110,115,122,58,62,0,58,18,65]} 1. e4 c6 2. Nf3 d5 3. Nc3 Nf6 4. e5 Ne4 5. Ne2 Qb6 6. d4 {B11: Caro-Kann: Two Knights Variation} e6 7. Ng3 c5 8. Bd3 Nxg3 (8... Nc6 9. Nxe4 dxe4 10. Bxe4 cxd4 11. O-O Bd7 12. a3 h6 13. Re1 {1-0 (71) Short,N (2675)-Caruana,F (2827) Caleta 2017}) 9. hxg3 cxd4 10. a3 Nc6 {LiveBook: 5 Games} 11. b4 a6 $146 ({Predecessor:} 11... Bd7 12. Bf4 h6 13. g4 {½-½ (57) Solak,D (2632)-Eljanov,P (2723) Kocaeli 2014}) 12. Rxh7 (12. Kf1 $11 {remains equal.}) 12... Rxh7 $17 13. Bxh7 Be7 (13... g6 $17) 14. Bd3 $11 Bd7 15. Rb1 O-O-O 16. Kf1 Rh8 17. Kg1 f6 18. Bf4 Bd8 (18... g5 $11 19. exf6 gxf4 20. fxe7 fxg3) 19. g4 g5 (19... Bc7 $11 20. Qe1 Kb8) 20. Bg3 $16 f5 21. b5 axb5 22. gxf5 ({Reject} 22. Bxb5 $6 f4 $11) 22... exf5 {[#] Hoping for ...Na5.} 23. Rxb5 Qa7 24. e6 (24. Rxd5 $16 {e6! is the strong threat.} f4 25. Bh2) 24... Bxe6 $14 25. Qe2 (25. Qe1 $14 Rh6 26. Bd6) 25... Rh6 {[#]} (25... Bd7 $11) 26. Rxd5 $1 {[%mdl 512] Strongly threatening Rd6.} f4 {Precision: White = 39%, Black = 36%.} (26... Bxd5 27. Bxf5+) 1/2-1/2

[Event "9th LCC FIDE Open 2017"]
[Site "London"]
[Date "2017.12.03"]
[Round "3"]
[White "Arjun, Kalyan"]
[Black "Mikhalevski, Victor"]
[Result "1/2-1/2"]
[WhiteElo "2419"]
[BlackElo "2545"]
[Annotator "TA"]
[PlyCount "95"]
[EventDate "2017.??.??"]
[EventCountry "ENG"]
[SourceTitle "playchess.com"]
[Source "ChessBase"]
[SourceQuality "1"]

{[%evp 31,95,22,37,35,31,34,36,27,32,22,38,22,64,64,79,-14,88,8,13,18,6,0,16,0,0,0,0,0,0,0,0,0,0,0,0,0,0,0,0,0,0,0,0,0,0,0,0,0,0,0,0,0,0,0,0,0,0,0,0,0,0,0,0,0,0,0]} 1. e4 e5 2. Nf3 Nc6 3. Bb5 {[%cal Bf1b5,Bb5a4,Ba4b3][%mdl 32]} a6 4. Ba4 Nf6 5. O-O Nxe4 6. d4 b5 7. Bb3 d5 8. dxe5 Be6 9. Nbd2 Nc5 10. c3 d4 11. Bxe6 Nxe6 12. cxd4 Ncxd4 13. a4 Bb4 {C80: Open Ruy Lopez: Sidelines and 9 Nbd2} 14. axb5 Nxb5 15. Qa4 Bxd2 16. Bxd2 O-O {LiveBook: 4 Games} 17. Rfd1 c5 18. Qe4 Qe7 19. Be3 {[#]} Rfe8 $146 ({Predecessor:} 19... h6 20. h4 Rfe8 21. Re1 {½-½ (37) Jakovenko,D (2742)-Mikhalevski,V (2625) Novi Sad 2009}) 20. h4 h5 21. Re1 Rab8 22. Rxa6 Nbd4 23. Nxd4 (23. Bxd4 $16 cxd4 24. Rd6 (24. Nxd4 Nc5 $17)) 23... Nxd4 (23... cxd4 $11 {keeps the balance.} 24. Bg5 (24. Bxd4 Rb4 $17) 24... Qb7 25. Qxb7 Rxb7) 24. Bg5 ({White should play} 24. Bxd4 $16 cxd4 25. Qxd4) 24... Qb7 $11 {The position is equal.} 25. Qxb7 Rxb7 26. Bc1 Nb3 27. Bf4 Rb4 28. Bg3 Nd4 29. Ra2 Re7 30. Kh2 Reb7 31. Rc1 R7b5 32. f3 Rxb2 33. Rxb2 Rxb2 34. Rxc5 Nxf3+ {[%mdl 4096] Endgame KRB-KRN} 35. Kh3 Ng1+ 36. Kh2 Nf3+ 37. Kh3 Nd2 {[#] Strongly threatening ...Rb3.} 38. e6 fxe6 {aiming for ...Rb3.} 39. Rxh5 Rb3 {Threatens to win with ...Ne4.} 40. Kg4 Ne4 41. Be5 Rb5 42. Kf4 Nd6 {[#] White must now prevent ...Nf7.} 43. Rg5 Nf7 44. Rxg7+ Kf8 45. Rxf7+ Kxf7 46. h5 Rb4+ 47. Kf3 Rb5 48. Kf4 {Precision: White = 70%, Black = 77%.} 1/2-1/2

[Event "9th LCC FIDE Open 2017"]
[Site "London"]
[Date "2017.12.03"]
[Round "3"]
[White "Henderson De La Fuente, Lance"]
[Black "Handke, Florian"]
[Result "1/2-1/2"]
[WhiteElo "2419"]
[BlackElo "2526"]
[Annotator "TA"]
[PlyCount "55"]
[EventDate "2017.??.??"]
[EventCountry "ENG"]
[SourceTitle "playchess.com"]
[Source "ChessBase"]
[SourceQuality "1"]

{[%evp 39,55,29,48,27,40,46,62,35,16,26,35,10,10,10,10,14,17,18]} 1. e4 c5 2. Nf3 Nc6 3. d4 cxd4 4. Nxd4 Nf6 5. Nc3 e5 6. Ndb5 {[%cal Bd4b5,Bb5a3,Ba3c2,Bc2e3,Be3d5][%mdl 32]} d6 7. Bg5 a6 8. Na3 b5 9. Nd5 Be7 10. Bxf6 Bxf6 11. c3 Bg5 12. Nc2 O-O 13. a4 bxa4 14. Rxa4 a5 15. Bc4 Kh8 16. Nce3 {B33: Sicilian: Pelikan and Sveshnikov Variations} Rb8 17. b3 Ne7 (17... g6 18. h4 Bxh4 19. g3 Bg5 20. f4 exf4 21. gxf4 Bh4+ 22. Kf1 f5 23. Ra2 fxe4 24. Rah2 g5 {1-0 (46) Giri,A (2768)-Shirov,A (2691) Hoogeveen 2014}) 18. O-O Nxd5 19. Nxd5 f5 20. exf5 Bxf5 {LiveBook: 26 Games} 21. Qe2 Bd7 22. Ra2 Bc6 23. Rfa1 Bxd5 24. Bxd5 Qb6 {[#] aiming for ...Rxf2!} 25. Rxa5 $146 ({Predecessor:} 25. Kh1 Qc5 26. Rxa5 Qxc3 27. g3 Bd8 28. R5a2 Bb6 29. f3 Bd4 30. Rd1 Qe3 {½-½ (30) Anka,E (2407)-Szamoskozi,G (2280) Hungary 2008}) 25... Rxf2 $1 {The position is equal.} 26. Qxf2 Be3 27. Ra8 Bxf2+ 28. Kf1 1/2-1/2